000 00962nam a2200253 a 4500
001 14361183
008 150901s2006 ||||||||||||||||| || u
010 _a2006046424
020 _a0821366475
020 _a9780821366479
050 _aIBRD(06)DS/2006/1
100 _aKuznetsov, Yevgeny
245 1 0 _aDiaspora networks and the international migration of skills : how countries can draw on their talent abroad
_cedited by Yevgeny Kuznetsov.
260 _aWashington, DC
_bWorld Bank
_c2006
300 _axi, 237 p. : ill.
490 _aWBI development studies
500 _aIncludes bibliographical references.
650 0 _aHUMAN CAPITAL
650 0 _aFOREIGN WORKERS
650 0 _aBRAIN DRAIN
650 0 _aEMIGRATION AND IMMIGRATION--ECONOMIC ASPECTS
650 0 _aEMPLOYMENT IN FOREIGN COUNTRIES
995 _FCBU-MAIN LIBRARY (Kitwe)
_M1
_UAVAILABLE
_WSep 1, 2015
_ZInternational Publications
999 _c40069
_d40069